All 10k+ cities in Colorado on a Map - Statistics

General Stats
  • This quiz has been taken 139 times
  • The average score is 27 of 50
Answers on the Map
Answers color-coded by a green-red scale on the quiz's map according to % correct below.
 
Answer Stats
City Population % Correct
Denver 715,522
97%
Colorado Springs 478,961
95%
Aurora 386,261
94%
Fort Collins 169,810
92%
Boulder 108,250
89%
Grand Junction 65,560
89%
Pueblo 111,876
89%
Greeley 108,795
82%
Centennial 108,418
80%
Lakewood 155,984
80%
Thornton 141,867
79%
Arvada 124,402
76%
Westminster 116,317
76%
Castle Rock 73,158
71%
Loveland 76,378
71%
Durango 19,071
70%
Longmont 98,885
70%
Steamboat Springs 13,224
64%
Broomfield 74,112
62%
Littleton 45,652
62%
Commerce City 62,418
61%
Golden 20,399
59%
Parker 58,512
58%
Sterling 13,735
53%
Montrose 20,291
50%
Fort Morgan 11,597
48%
Brighton 40,083
44%
Cañon City 17,141
42%
Englewood 33,659
42%
Rifle 10,437
41%
Fruita 13,395
39%
Wheat Ridge 32,398
38%
Erie 30,038
36%
Fountain 29,802
36%
Lafayette 30,411
36%
Northglenn 38,131
36%
Louisville 21,226
35%
Windsor 32,716
35%
Evans 22,165
29%
Monument 10,399
29%
Castle Pines 11,036
27%
Frederick 14,513
26%
Firestone 16,381
24%
Greenwood Village 15,691
24%
Lone Tree 14,253
24%
Superior 13,094
24%
Federal Heights 14,382
23%
Johnstown 17,303
23%
Berthoud 10,332
20%
Wellington 11,047
18%
No matching quizzes found
Score Distribution
Percent of People with Each Score
Percentile by Number Answered
Your Score History
You have not taken this quiz